Регионална библиотека "Любен Каравелов" - Русе

Bulgarische Klоster (Запис номер 398284)

MARC детайли
000 -Лидер
Контролно поле с фиксирана дължина nkm a22 a 4500
003 - Код на организацията, давaща контролен номер
Контролно поле BLK
005 - Дата и час на последна редакция
Контролно поле 20210212105402.0
008 - Елементи от данни с фиксирана дължина
fixed length control field 210212b bu ||||| |||| 00| 0 bu d
040 ## - Източник на каталожния запис
Идентификатор на билиотеката - собственик на записа BLK
041 ## - Код за език
Код за езика на текст/звукозапис или на отделно заглавие Немски
Код за езика КДБФ Немски
080 ## - УДК
Текстов определител УДК Източно християнство. Източна църква
УДК код - определител по УДК 271
УДК определител (497.2)(091)(084)
УДК - код + определител 271(497.2)(091)(084)
080 ## - УДК
Текстов определител УДК Манастирски сгради. Религиозни домове
УДК код - определител по УДК 726.7
УДК определител (497.2)(084)
УДК - код + определител 726.7(497.2)(084)
080 ## - УДК
Текстов определител УДК Религиозна живопис
УДК код - определител по УДК 75.046
УДК определител (497.2)(084)
УДК - код + определител 75.046(497.2)(084)
100 ## - Редна дума - Автор
R(LIN) 1299
Автор Tschavrakov, Georgi Ivanov
Авторска отговорност първи автор
139 ## - Редно поле
Редна дума Tschavrakov, Georgi Ivanov
245 ## - Сведения за заглавието
Заглавие Bulgarische Klоster
Подзаглавни данни Denkmаler der Geschichte, Kultur und Kunst
Редно поле (дума) Georgi Tschavrakov ; ubers. [от бълг.] Iris von Bredow ; fotogr. Strahil Dobrev
260 ## - Област на издателските данни
9 (RLIN) 210692
Място на издаване, разпространение и проч. Sofia
Име на издателя, разпространителя и проч. Nauka i iskustwo
Година на издаване 1975
300 ## - Физическа характеристика
Страници 1 албум (375 с.)
Илюстрации и др. с ил. и репрод.
Размери/Мащаб 33 см
380 ## - Жанр
Жанр Религия. Теология
500 ## - Общи забележки
Забележка Ориг. загл.: Български манастири<br/>Името на авт. не е отбелязано на кор.<br/>Пълното име на Страхил Добрев е Страхил Добрев Стоев<br/>2000 тир.
504 ## - Забележка за наличие на библиография и др
Забележка за наличие на библиография и под. Библиогр.: с. 369-371
650 #0 - Допълнително описание по предмет – тема
9 (RLIN) 321687
Основно описание – тема или топоним Манастири - България - архитектура
650 #7 - Допълнително описание по предмет – тема
9 (RLIN) 161096
Основно описание – тема или топоним Манастири
650 #0 - Допълнително описание по предмет – тема
9 (RLIN) 276521
Основно описание – тема или топоним Живопис, религиозна
653 #7 - Ключова дума – ненормативна
9 (RLIN) 190404
Ключова дума манастири
700 ## - Други автори (авторска отговорност)
9 (RLIN) 1040
Лично име Bredow, Iris Alexandra von
Автороска отговорност (Описва отношението между автора и произведението) прев. от бълг.
700 ## - Други автори (авторска отговорност)
9 (RLIN) 112
Лично име Dobrev, Strahil
Автороска отговорност (Описва отношението между автора и произведението) fotogr.
852 ## - Местоположение
Форматна сигнатура Цб ІІ 26623
Фондова буква Хранилище
999 ## - СИСТЕМНИ КОНТРОЛНИ НОМЕРА
Koha biblionumber 398284
Koha biblioitemnumber 398284
942 ## - АРТИКУЛИ
Вид на библиотечния материал Графични издания
Скрит в OPAC Не
Периодичен библиозапис Да
944 ## - СЪЗДАВАНЕ И РЕДАКЦИЯ на ЗАПИСА
Създаване/Редакция Създаване
Дата на регистрацията/редакция 2021-02-12
Служител, извършил регистрацията/редакцията Микаела Микова - Илиева
Статус, дата на статуса 2021-02-12
999 ## - СИСТЕМНИ КОНТРОЛНИ НОМЕРА
Koha biblioitemnumber 398284
999 ## - СИСТЕМНИ КОНТРОЛНИ НОМЕРА
Koha biblioitemnumber 398284
Наличности
Код за отписване Код за изгубен артикул Източник на класификационната схема Код за повреда Коз за рестрикции Код за отдаване Артикулен № Име на библиотеката - собственик Име на библиотеката, в която се намира в момента Статус (Текущо местоположение) Дата на вписване в системата Местоположение - отдел Цена в лева Инвентарен номер Систематично азбучна сигнатура Баркод Цена в евро Служебен тип на артикула
  Не е изгубен Universal Decimal Classification Не е повреден само за читалня ползва се в читалня 812730 Регионална библиотека "Любен Каравелов" Русе Регионална библиотека "Любен Каравелов" Русе Хранилище 2021-02-18 Хранилище 20.00 264629 Цб ІІ 26623 120000264629 10.23 Графични издания
Vip Innovations Ltd, Rousse, Bulgaria 2025